The imperial map of England & Wales according to the ordnance survey, with the latest additions ... (Record no. 114899)

MARC details
000 -LEADER
fixed length control field 00641cem a22001935a 4500
001 - CONTROL NUMBER
control field L157652
008 - FIXED-LENGTH DATA ELEMENTS--GENERAL INFORMATION
fixed length control field 130220s1872 xxk f 000 0 eng d
035 ## - SYSTEM CONTROL NUMBER
System control number (Sirsi) u157652
041 0# - LANGUAGE CODE
Language code of text/sound track or separate title eng
100 1# - MAIN ENTRY--PERSONAL NAME
Personal name Bartholomew, John
Dates associated with a name 1831-1893
245 04 - TITLE STATEMENT
Title The imperial map of England & Wales according to the ordnance survey, with the latest additions ...
Statement of responsibility, etc. by John Bartholomew
260 ## - PUBLICATION, DISTRIBUTION, ETC.
Place of publication, distribution, etc. London
Name of publisher, distributor, etc. A. Fullarton & Co.
Date of publication, distribution, etc. [1868-1872]
300 ## - PHYSICAL DESCRIPTION
Extent 18 sheets
Dimensions 56 cm.
520 ## - SUMMARY, ETC.
Summary, etc. Scale 1:253,440
583 ## - ACTION NOTE
Action Condition reviewed
Time/date of action 20120620
Status condition level 2
651 #4 - SUBJECT ADDED ENTRY--GEOGRAPHIC NAME
Geographic name England and Wales
Chronological subdivision 1543-
690 ## - LOCAL SUBJECT ADDED ENTRY--TOPICAL TERM (OCLC, RLIN)
Topical term or geographic name as entry element Geomatics
9 (RLIN) 6242
942 ## - ADDED ENTRY ELEMENTS (KOHA)
Suppress in OPAC 0
Holdings
Withdrawn status Lost status Source of classification or shelving scheme Damaged status Not for loan Home library Current library Shelving location Date acquired Total Checkouts Full call number Barcode Date last seen Copy number Price effective from Koha item type
    Dewey Decimal Classification     Historic collection Historic collection Historic collection 20/02/2013   FOLIO 1872 BARTHOLOMEW 30078167 06/08/2019 1 06/08/2019 Book